书目信息 |
| 题名: |
实用文秘公关技巧
|
|
| 作者: | 欧阳周 主编 | |
| 分册: | ||
| 出版信息: | 长沙 中南工业大学出版社 1996.09 |
|
| 页数: | 296页 | |
| 开本: | 32开 | |
| 丛书名: | ||
| 单 册: | ||
| 中图分类: | C931.46 | |
| 科图分类: | ||
| 主题词: | 管理--技术 , 管理--方法 | |
| 电子资源: | ||
| ISBN: | 7-81020-888-8 | |
| 000 | 00595nam0 2200205 45 | |
| 001 | 0007192223 | |
| 005 | 20000719223613.7 | |
| 010 | @a7-81020-888-8@d10.00元 | |
| 100 | @a20000719d1996 km y0chiy0120 ea | |
| 101 | 0 | @achi |
| 105 | @a z 000yy | |
| 200 | 1 | @a实用文秘公关技巧@AShi Yong Wen Mi Gong Guan Ji Qiao@f欧阳周主编@FOu Yang Zhou Zhu Bian |
| 210 | @a长沙@c中南工业大学出版社@d1996.09 | |
| 215 | @a296页@d32开 | |
| 606 | 0 | @a管理@x技术 |
| 606 | 0 | @a管理@x方法 |
| 690 | @aC931.46@v3 | |
| 701 | 0 | @a欧阳周@4主编 |
| 801 | @aCN@bPftUser@c20000719 | |
| 905 | @b75231-235@dC931.46@eO981/1@f5 | |
| 实用文秘公关技巧/欧阳周主编.-长沙:中南工业大学出版社,1996.09 |
| 296页;32开 |
| ISBN 7-81020-888-8:10.00元 |
| ● |
| 相关链接 |
|
|
|
正题名:实用文秘公关技巧
索取号:C931.46/O981/1
 
预约/预借
| 序号 | 登录号 | 条形码 | 馆藏地/架位号 | 状态 | 备注 |
| 1 | 75231 | 200752319 | 社科库509/509社科库 64排8列1层/ [索取号:C931.46/O981/1] | 在馆 | |
| 2 | 75232 | 200752328 | 社科库509/509社科库 64排8列1层/ [索取号:C931.46/O981/1] | 在馆 | |
| 3 | 75233 | 200752337 | 社科库509/509社科库 64排8列1层/ [索取号:C931.46/O981/1] | 在馆 | |
| 4 | 75234 | 200752346 | 社科库509/509社科库 64排8列1层/ [索取号:C931.46/O981/1] | 在馆 | |
| 5 | 75235 | 200752355 | 社科库509/509社科库 64排8列1层/ [索取号:C931.46/O981/1] | 在馆 |